000 01504cam a2200361 a 4500
999 _c41149
_d41149
001 199244
003 OSt
005 20210705133849.0
008 990714s1999 nyua 001 0 eng
010 _a 99027788
020 _a9789389538809
035 _a(DLC) 99027788
040 _aDLC
_cDLC
_dDLC
050 0 0 _aQC32
_b.G34 1999
082 0 0 _a539.076
_221
_bGAU/T
100 1 _aGautreau, Ronald
_98638
245 1 0 _aSchaum's outline of theory and problems of modern physics /
_cRonald Gautreau, William Savin.
246 3 0 _aTheory and problems of modern physics
246 1 4 _aModern physics
250 _a2nd ed.
260 _aNew York :
_bMcGraw-Hill,
_cc1999.
300 _aix, 338 p. :
_bill. ;
_c28 cm.
490 0 _aSchaum's outline series
500 _aIncludes index.
650 0 _aPhysics
_vProblems, exercises, etc.
700 1 _aSavin, William.
856 4 2 _3Publisher description
_uhttp://www.loc.gov/catdir/description/mh023/99027788.html
856 4 1 _3Table of contents
_uhttp://www.loc.gov/catdir/toc/mh023/99027788.html
856 4 2 _3Contributor biographical information
_uhttp://www.loc.gov/catdir/enhancements/fy0739/99027788-b.html
906 _a7
_bcbc
_corignew
_d1
_eocip
_f19
_gy-gencatlg
942 _2ddc
_cBK
_h539.076
_iGAU/T
_k539.076
_mGAU/T